000
00177 a2200097 4500
020
_a
0823961370
041
_a
spa
100
_a
Kirkpatrick,Rod
245
_a
Alexi Lalas
942
_c
BK
999
_c
385
_d
385